Catálogo

Freud y el legado de Moisés / (Registro nro. 61962)

Detalles MARC
000 -LEADER
fixed length control field 01060cam a2200289 i 4500
001 - CONTROL NUMBER
control field 61962
005 - DATE AND TIME OF LATEST TRANSACTION
control field 20180714063815.0
008 - FIXED-LENGTH DATA ELEMENTS--GENERAL INFORMATION
fixed length control field 150112s2002 mx r 000 0 spa d
020 ## - INTERNATIONAL STANDARD BOOK NUMBER
International Standard Book Number 9682323703
040 ## - CATALOGING SOURCE
Original cataloging agency MX-PuUPA
Language of cataloging spa
Description conventions rda
Transcribing agency Mx-PuUPA
Modifying agency Mx-PuUPA
041 ## - LANGUAGE CODE
Language code of text/sound track or separate title spa
-- eng
082 0# - DEWEY DECIMAL CLASSIFICATION NUMBER
Classification number 222.1092
Item number BER
100 1# - MAIN ENTRY--PERSONAL NAME
Personal name Bernstein, Richard J.
Fuller form of name (Jacob)
Dates associated with a name 1932-
Relator term autor
240 10 - UNIFORM TITLE
Uniform title Freud and the legacy of moses.
Language of a work Español
245 10 - TITLE STATEMENT
Title Freud y el legado de Moisés /
Statement of responsibility, etc. por Richard J. Bernstein ; traducción de Enrique Mercado.
250 ## - EDITION STATEMENT
Edition statement Primera edición
264 #1 - PRODUCTION, PUBLICATION, DISTRIBUTION, MANUFACTURE, AND COPYRIGHT NOTICE
Place of production, publication, distribution, manufacture México, D.F. :
Name of producer, publisher, distributor, manufacturer Siglo xxi Editores,
Date of production, publication, distribution, manufacture, or copyright notice 2002
300 ## - PHYSICAL DESCRIPTION
Extent 167 páginas ;
Dimensions 21 cm.
336 ## - CONTENT TYPE
Content type term texto
Source rdacontent
337 ## - MEDIA TYPE
Media type term sin mediación
Source rdamedia
338 ## - CARRIER TYPE
Carrier type term volumen
Source rdacarrier
490 0# - SERIES STATEMENT
Series statement Filosofía
600 14 - SUBJECT ADDED ENTRY--PERSONAL NAME
Personal name Freud, Sigmund, 1856-1939
General subdivision Religión
650 #4 - SUBJECT ADDED ENTRY--TOPICAL TERM
Topical term or geographic name entry element Psicoanálisis y religión
700 1# - ADDED ENTRY--PERSONAL NAME
Personal name Mercado, Enrique,
Relator term traductor
700 1# - ADDED ENTRY--PERSONAL NAME
Relationship information Traducción de (obra) :
Personal name Bernstein, Richard J.
Fuller form of name (Jacob),
Dates associated with a name 1932-
Title of a work Freud and the legacy of moses.
Existencias
Withdrawn status Lost status Source of classification or shelving scheme Damaged status Not for loan Collection code Home library Current library Shelving location Date acquired Source of acquisition Total Checkouts Full call number Barcode Date last seen Price effective from Koha item type Inventory number
    Dewey Decimal Classification     General Biblioteca Karol Wojtyla Biblioteca Karol Wojtyla Sala general 27/11/2017 Compra   222.1092 BER 2002 98492   27/11/2017 Libro 151000000000000000056905
    Dewey Decimal Classification     General Tehuacán Tehuacán Sala general 12/01/2015 Compra   104.65 BER 509589 08/01/2025 12/01/2015 Libro